000
00289nam a2200121Ia 4500
008
240624s9999 xx 000 0 und d
041
_a
eng
082
_a
128.2 DEN
100
_a
DENNETT DANIEL C
245
_a
CONTENT AND CONSCIOUSNESS
260
_c
2012
_a
London
_b
Routledge
365
_c
RS
999
_c
28632
_d
28632